<?xml version="1.0" encoding="UTF-8"?>
<collection xmlns="http://www.loc.gov/MARC21/slim">
<record>
  <controlfield tag="001">149834</controlfield>
  <controlfield tag="005">20251017144548.0</controlfield>
  <datafield tag="024" ind1="7" ind2=" ">
    <subfield code="2">doi</subfield>
    <subfield code="a">10.1016/j.actbio.2012.12.014</subfield>
  </datafield>
  <datafield tag="024" ind1="8" ind2=" ">
    <subfield code="2">sideral</subfield>
    <subfield code="a">81243</subfield>
  </datafield>
  <datafield tag="037" ind1=" " ind2=" ">
    <subfield code="a">ART-2013-81243</subfield>
  </datafield>
  <datafield tag="041" ind1=" " ind2=" ">
    <subfield code="a">eng</subfield>
  </datafield>
  <datafield tag="100" ind1=" " ind2=" ">
    <subfield code="a">Araña, M.</subfield>
  </datafield>
  <datafield tag="245" ind1=" " ind2=" ">
    <subfield code="a">Preparation and characterization of collagen-based ADSC-carrier sheets for cardiovascular application</subfield>
  </datafield>
  <datafield tag="260" ind1=" " ind2=" ">
    <subfield code="c">2013</subfield>
  </datafield>
  <datafield tag="506" ind1="0" ind2=" ">
    <subfield code="a">Access copy available to the general public</subfield>
    <subfield code="f">Unrestricted</subfield>
  </datafield>
  <datafield tag="520" ind1="3" ind2=" ">
    <subfield code="a">The use of scaffolds composed of natural biodegradable matrices represents an attractive strategy to circumvent the lack of cell engraftment, a major limitation of stem cell therapy in cardiovascular diseases. Bovine-derived non-porous collagen scaffolds with different degrees of cross-linking (C0, C2, C5 and C10) were produced and tested for their mechanical behavior, in vitro biocompatibility with adipose-derived stem cells (ADSCs) and tissue adhesion and inflammatory reaction. Uniaxial tensile tests revealed an anisotropic behavior of collagen scaffolds (2 × 0.5 cm) and statistically significant differences in the mechanical behavior between cross-linked and non-cross-linked scaffolds (n = 5). In vitro, ADSCs adhered homogenously and showed a similar degree of proliferation on all four types of scaffolds (cells × 103 cm−2 at day 7: C0: 94.7 ± 37.1; C2: 91.7 ± 25.6; C5: 88.2 ± 6.8; C10: 72.8 ± 10.7; P = n.s.; n = 3). In order to test the in vivo biocompatibility, a chronic myocardial infarction model was performed in rats and 1.2 × 1.2 cm size collagen scaffolds implanted onto the heart 1 month post-infarction. Six animals per group were killed 2, 7 and 30 days after transplant. Complete and long-lasting adhesion to the heart was only observed with the non-cross-linked scaffolds with almost total degradation 1 month post-transplantation. After 7 and 30 days post-implantation, the degree of inflammation was significantly lower in the hearts treated with non-cross-linked scaffolds (day 7: C0: 10.2 ± 2.1%; C2: 16.3 ± 2.9%; C5: 15.9 ± 4.8%; C10: 17.4 ± 4.1%; P &lt; 0.05 vs. C0; day 30: C0: 1.3 ± 1.3%; C2: 9.4 ± 3.0%; C5: 7.0 ± 2.1%; C10: 9.8 ± 2.5%; P &lt; 0.01 vs. C0). In view of the results, the non-cross-linked scaffold (C0) was chosen as an ADSC-carrier sheet and tested in vivo. One week post-implantation, 25.3 ± 7.0% of the cells transplanted were detected in those animals receiving the cell-carrier sheet whereas no cells were found in animals receiving cells alone (n = 3 animals/group).
We conclude that the biocompatibility and mechanical properties of the non-cross-linked collagen scaffolds make them a useful cell carrier that greatly favors tissue cell engraftment and may be exploited for cell transplantation in models of cardiac disease.</subfield>
  </datafield>
  <datafield tag="540" ind1=" " ind2=" ">
    <subfield code="9">info:eu-repo/semantics/openAccess</subfield>
    <subfield code="a">by-nc-nd</subfield>
    <subfield code="u">https://creativecommons.org/licenses/by-nc-nd/4.0/deed.es</subfield>
  </datafield>
  <datafield tag="590" ind1=" " ind2=" ">
    <subfield code="a">5.684</subfield>
    <subfield code="b">2013</subfield>
  </datafield>
  <datafield tag="591" ind1=" " ind2=" ">
    <subfield code="a">MATERIALS SCIENCE, BIOMATERIALS</subfield>
    <subfield code="b">3 / 29 = 0.103</subfield>
    <subfield code="c">2013</subfield>
    <subfield code="d">Q1</subfield>
    <subfield code="e">T1</subfield>
  </datafield>
  <datafield tag="591" ind1=" " ind2=" ">
    <subfield code="a">ENGINEERING, BIOMEDICAL</subfield>
    <subfield code="b">3 / 75 = 0.04</subfield>
    <subfield code="c">2013</subfield>
    <subfield code="d">Q1</subfield>
    <subfield code="e">T1</subfield>
  </datafield>
  <datafield tag="655" ind1=" " ind2="4">
    <subfield code="a">info:eu-repo/semantics/article</subfield>
    <subfield code="v">info:eu-repo/semantics/acceptedVersion</subfield>
  </datafield>
  <datafield tag="700" ind1=" " ind2=" ">
    <subfield code="a">Peña, E.</subfield>
    <subfield code="u">Universidad de Zaragoza</subfield>
    <subfield code="0">(orcid)0000-0002-0664-5024</subfield>
  </datafield>
  <datafield tag="700" ind1=" " ind2=" ">
    <subfield code="a">Abizanda, G.</subfield>
  </datafield>
  <datafield tag="700" ind1=" " ind2=" ">
    <subfield code="a">Cilla, M.</subfield>
    <subfield code="u">Universidad de Zaragoza</subfield>
    <subfield code="0">(orcid)0000-0002-8503-9291</subfield>
  </datafield>
  <datafield tag="700" ind1=" " ind2=" ">
    <subfield code="a">Ochoa, I.</subfield>
    <subfield code="u">Universidad de Zaragoza</subfield>
    <subfield code="0">(orcid)0000-0003-2410-5678</subfield>
  </datafield>
  <datafield tag="700" ind1=" " ind2=" ">
    <subfield code="a">Gavira, J. J.</subfield>
  </datafield>
  <datafield tag="700" ind1=" " ind2=" ">
    <subfield code="a">Espinosa, G.</subfield>
  </datafield>
  <datafield tag="700" ind1=" " ind2=" ">
    <subfield code="a">Doblaré, M.</subfield>
    <subfield code="u">Universidad de Zaragoza</subfield>
    <subfield code="0">(orcid)0000-0001-8741-6452</subfield>
  </datafield>
  <datafield tag="700" ind1=" " ind2=" ">
    <subfield code="a">Pelacho, B.</subfield>
  </datafield>
  <datafield tag="700" ind1=" " ind2=" ">
    <subfield code="a">Prosper, F.</subfield>
  </datafield>
  <datafield tag="710" ind1="2" ind2=" ">
    <subfield code="1">1003</subfield>
    <subfield code="2">443</subfield>
    <subfield code="a">Universidad de Zaragoza</subfield>
    <subfield code="b">Dpto. Anatom.Histolog.Humanas</subfield>
    <subfield code="c">Area Histología</subfield>
  </datafield>
  <datafield tag="710" ind1="2" ind2=" ">
    <subfield code="1">5004</subfield>
    <subfield code="2">605</subfield>
    <subfield code="a">Universidad de Zaragoza</subfield>
    <subfield code="b">Dpto. Ingeniería Mecánica</subfield>
    <subfield code="c">Área Mec.Med.Cont. y Teor.Est.</subfield>
  </datafield>
  <datafield tag="773" ind1=" " ind2=" ">
    <subfield code="g">9, 4 (2013), 6075-6083</subfield>
    <subfield code="p">Acta Biomater.</subfield>
    <subfield code="t">ACTA BIOMATERIALIA</subfield>
    <subfield code="x">1742-7061</subfield>
  </datafield>
  <datafield tag="856" ind1="4" ind2=" ">
    <subfield code="s">6943525</subfield>
    <subfield code="u">http://zaguan.unizar.es/record/149834/files/texto_completo.pdf</subfield>
    <subfield code="y">Postprint</subfield>
  </datafield>
  <datafield tag="856" ind1="4" ind2=" ">
    <subfield code="s">2670534</subfield>
    <subfield code="u">http://zaguan.unizar.es/record/149834/files/texto_completo.jpg?subformat=icon</subfield>
    <subfield code="x">icon</subfield>
    <subfield code="y">Postprint</subfield>
  </datafield>
  <datafield tag="909" ind1="C" ind2="O">
    <subfield code="o">oai:zaguan.unizar.es:149834</subfield>
    <subfield code="p">articulos</subfield>
    <subfield code="p">driver</subfield>
  </datafield>
  <datafield tag="951" ind1=" " ind2=" ">
    <subfield code="a">2025-10-17-14:10:39</subfield>
  </datafield>
  <datafield tag="980" ind1=" " ind2=" ">
    <subfield code="a">ARTICLE</subfield>
  </datafield>
</record>
</collection>